[Event "Hotel Montesano Open A"]
[Site "Villa San Giovanni ITA"]
[Date "2005.08.08"]
[Round "2"]
[White "Safranska, Anda"]
[Black "Lazarev, Vladimir"]
[Result "0-1"]
[WhiteElo "2291"]
[BlackElo "2518"]
[PlyCount "58"]
[EventDate "2005.08.07"]

1.e4 c5 2.Nf3 Nc6 3.d4 cxd4 4.Nxd4 Nf6 5.Nc3 d6 6.Be3 Ng4 7.Bg5 h6 8.Bh4 
g5 9.Bg3 Bg7 10.Bb5 Qb6 11.Bxc6+ bxc6 12.Nb3 h5 13.h4 Ne3 14.Qd2 Nxg2+ 15.
Kf1 Nxh4 16.Bxh4 gxh4 17.Rxh4 Bf6 18.Rh2 Bg4 19.Re1 Rg8 20.Qe3 h4 21.f4 h3
22.Qxb6 axb6 23.Re3 e5 24.Rd3 Ke7 25.f5 Bg5 26.a3 Bf4 27.Rh1 h2 28.Nd2 b5 
29.Nf3 Bh3+ 0-1

[Event "Hotel Montesano Open A"]
[Site "Villa San Giovanni ITA"]
[Date "2005.08.08"]
[Round "2"]
[White "Santagati, Alessandro"]
[Black "Todarello, Giovanni"]
[Result "1-0"]
[WhiteElo "2092"]
[BlackElo "1807"]
[PlyCount "52"]
[EventDate "2005.08.07"]

1.d4 d5 2.c4 c6 3.Nc3 Nf6 4.Nf3 e6 5.Bg5 dxc4 6.e4 b5 7.e5 h6 8.Bh4 g5 9.
Nxg5 hxg5 10.Bxg5 Nbd7 11.exf6 Bb7 12.g3 c5 13.d5 Nxf6 14.Bg2 Be7 15.O-O 
Nxd5 16.Bxe7 Kxe7 17.Qe1 Nxc3 18.Bxb7 Rb8 19.Qxc3 Rxb7 20.Rfd1 Qb8 21.a4 
a6 22.Qe3 Rh5 23.Qf3 Rf5 24.Qc6 Qc7 25.Qe4 Re5 26.Qh4+ Ke8 1-0

[Event "Hotel Montesano Open A"]
[Site "Villa San Giovanni ITA"]
[Date "2005.08.08"]
[Round "2"]
[White "Tirrito, Luca"]
[Black "Forlano, Luigi"]
[Result "1-0"]
[WhiteElo "2140"]
[BlackElo "1909"]
[PlyCount "165"]
[EventDate "2005.08.07"]

1.e4 c5 2.c3 Nf6 3.d3 d5 4.e5 Nfd7 5.f4 e6 6.Nf3 Nc6 7.g3 g6 8.Bh3 b5 9.
Nbd2 Nb6 10.O-O h5 11.Ng5 Ne7 12.Nb3 Nf5 13.Re1 a5 14.Bxf5 gxf5 15.Be3 Na4
16.Rb1 Bb7 17.d4 c4 18.Nd2 Qd7 19.Ndf3 Nb6 20.Bd2 Bc6 21.Nh4 O-O-O 22.Qc2 
Rh6 23.Re2 Re8 24.Be1 Rh8 25.Nhf3 Kc7 26.h3 Bh6 27.Rh2 Qe7 28.Kh1 f6 29.
exf6 Qxf6 30.Ne5 Bxg5 31.fxg5 Qg7 32.Bd2 Kb7 33.h4 Nc8 34.Bf4 Rhg8 35.Re1 
Nd6 36.Nxc6 Kxc6 37.Bxd6 Kxd6 38.Qf2 Kd7 39.Qf4 Rc8 40.Re5 Rc6 41.Rhe2 a4 
42.Qd2 Rgc8 43.a3 Rd6 44.Kg2 Qg6 45.Qf4 Rg8 46.Re1 Ra8 47.R5e2 Rg8 48.Rh1 
Rg7 49.Qe5 Rh7 50.Rf1 Kc6 51.Kf3 Kd7 52.Kf4 Rf7 53.Qh8 Rb6 54.Qa8 Kc7 55.
Rfe1 Rd7 56.Qa7+ Kc8 57.Qa8+ Kc7 58.Re5 Rdd6 59.Qa7+ Kd8 60.Qa8+ Kd7 61.
Qh8 Ke7 62.Qh6 Qxh6 63.gxh6 Kf6 64.h7 Rb8 65.R1e3 Rh8 66.Rf3 Rxh7 67.Ke3 
Rg7 68.Kf2 Rg6 69.Rfe3 Rg4 70.Kg2 Re4 71.R3xe4 dxe4 72.Rxb5 Rd5 73.Rb4 f4 
74.gxf4 Kf5 75.Kg3 Rd8 76.Rb5+ Rd5 77.Rc5 Rxc5 78.dxc5 e5 79.fxe5 Kxe5 80.
c6 Kd6 81.Kf4 Kxc6 82.Kxe4 Kb6 83.Kd4 1-0

[Event "Hotel Montesano Open A"]
[Site "Villa San Giovanni ITA"]
[Date "2005.08.08"]
[Round "2"]
[White "Tricomi, Massimo"]
[Black "Sarno, Spartaco"]
[Result "0-1"]
[WhiteElo "1943"]
[BlackElo "2371"]
[PlyCount "116"]
[EventDate "2005.08.07"]

1.e4 d6 2.d4 Nf6 3.Nc3 g6 4.Nf3 Bg7 5.Be2 O-O 6.O-O c6 7.h3 Nbd7 8.a4 Qc7 
9.Be3 b6 10.Qd2 a6 11.Bh6 Bb7 12.Bxg7 Kxg7 13.Bd3 e5 14.dxe5 dxe5 15.Qe3 
Rfe8 16.Nd2 b5 17.axb5 cxb5 18.Nb3 Rac8 19.Rfd1 Re6 20.g3 Nb6 21.f3 Nfd7 
22.Rd2 Nc5 23.Nxc5 Qxc5 24.Qxc5 Rxc5 25.Nd1 Rd6 26.Ne3 Nc4 27.b4 Rc7 28.
Re2 Nb2 29.Ra3 Rcd7 30.Nd5 Nxd3 31.Rxd3 Bxd5 32.Red2 f5 33.exd5 Kf6 34.Kf2
Rc7 35.Ra3 Rc4 36.c3 f4 37.g4 e4 38.fxe4 Rxe4 39.Rd4 Ke5 40.Rd3 g5 41.Rd2 
Rxd5 42.Rxd5+ Kxd5 43.Rxa6 Re3 44.Rb6 Rxh3 45.Rxb5+ Ke4 46.Rxg5 Rxc3 47.
Rc5 Rf3+ 48.Ke2 Rg3 49.Rc4+ Ke5 50.Rc5+ Kd4 51.Rh5 Ke4 52.Rxh7 Rg2+ 53.Kf1
Rb2 54.g5 Kf3 55.Rh3+ Kg4 56.Ra3 f3 57.g6 Kg3 58.Ra1 Rh2 0-1

[Event "Hotel Montesano Open A"]
[Site "Villa San Giovanni ITA"]
[Date "2005.08.08"]
[Round "2"]
[White "Xia, Jie"]
[Black "Manca, Federico"]
[Result "0-1"]
[WhiteElo "2121"]
[BlackElo "2390"]
[PlyCount "54"]
[EventDate "2005.08.07"]

1.e4 g6 2.d4 Bg7 3.g3 d6 4.Bg2 Nf6 5.Ne2 O-O 6.O-O e5 7.h3 exd4 8.Nxd4 Re8
9.Nc3 Nc6 10.Be3 Bd7 11.Qd2 a6 12.f4 Na5 13.b3 c5 14.Nde2 Bc6 15.Rad1 Nxe4
16.Nxe4 Bxe4 17.Bxe4 Rxe4 18.Bxc5 Qe8 19.Bf2 Rxe2 20.Qxa5 Rxc2 21.Rxd6 Qe2
22.Qb6 Re8 23.Rfd1 Bf8 24.Rd8 Rxd8 25.Rxd8 Rc1+ 26.Kh2 Qf3 27.Rxf8+ Kg7 
0-1

[Event "Hotel Montesano Open A"]
[Site "Villa San Giovanni ITA"]
[Date "2005.08.09"]
[Round "3"]
[White "Ammendolea, Massimo"]
[Black "Panarello, Giuseppe"]
[Result "1/2-1/2"]
[WhiteElo "1871"]
[BlackElo "2006"]
[PlyCount "53"]
[EventDate "2005.08.07"]

1.d4 Nf6 2.c4 g6 3.Nc3 Bg7 4.e4 d6 5.f3 O-O 6.Be3 Nbd7 7.Bd3 e5 8.d5 a5 9.
Nge2 b6 10.Ng3 Nc5 11.Be2 Bd7 12.O-O h6 13.Qd2 Kh7 14.Qc2 Ng8 15.Nb5 Ne7 
16.Bxc5 bxc5 17.a4 Nc8 18.Bd3 Nb6 19.Rae1 Bxb5 20.axb5 Qg5 21.Qc1 Qxc1 22.
Rxc1 h5 23.Ra1 a4 24.Ra3 Bh6 25.Rb1 Be3+ 26.Kh1 Bd2 27.Ra2 1/2-1/2

[Event "Hotel Montesano Open A"]
[Site "Villa San Giovanni ITA"]
[Date "2005.08.09"]
[Round "3"]
[White "Armentano, Alessio"]
[Black "Naumkin, Igor"]
[Result "0-1"]
[WhiteElo "2092"]
[BlackElo "2444"]
[PlyCount "92"]
[EventDate "2005.08.07"]

1.e4 e5 2.Nf3 Nc6 3.Bb5 a6 4.Ba4 Nf6 5.O-O Nxe4 6.d4 b5 7.Bb3 d5 8.dxe5 
Be6 9.Nbd2 Nc5 10.c3 Be7 11.Bc2 Bg4 12.Qe1 Ne6 13.b3 Qd7 14.Bb2 Bc5 15.b4 
Bb6 16.a4 O-O 17.axb5 axb5 18.Qe2 Nf4 19.Qxb5 Rab8 20.Qa6 Rbe8 21.Ba4 Bxf3
22.Nxf3 Qg4 23.Ne1 Rxe5 24.Bd1 Qg6 25.g3 Nh3+ 26.Kg2 Nxf2 27.Rxf2 Rxe1 28.
Bc2 Rxa1 29.Bxa1 Qh6 30.Re2 Qc1 31.Qd3 Qg1+ 32.Kh3 Qf1+ 33.Rg2 Qxd3 34.
Bxd3 Ne5 35.Bb1 Nc4 36.Re2 f5 37.Bb2 f4 38.gxf4 Rxf4 39.Kg3 Rf1 40.Ba2 Ne3
41.c4 c6 42.cxd5 cxd5 43.Be5 h5 44.h3 g5 45.b5 Rg1+ 46.Kh2 Nf1# 0-1

[Event "Hotel Montesano Open A"]
[Site "Villa San Giovanni ITA"]
[Date "2005.08.09"]
[Round "3"]
[White "Bartolozzi, Roberto"]
[Black "Falcomata', Gesualdo"]
[Result "1-0"]
[WhiteElo "2126"]
[BlackElo "1918"]
[PlyCount "57"]
[EventDate "2005.08.07"]

1.d4 Nf6 2.Nf3 g6 3.Bf4 d6 4.h3 Bg7 5.e3 O-O 6.Be2 Nbd7 7.O-O c6 8.Nbd2 
Re8 9.c3 Nd5 10.Bh2 e5 11.Nc4 Qe7 12.a4 N5b6 13.Ncd2 Nf8 14.a5 Nd5 15.Nc4 
Nd7 16.Qb3 b5 17.axb6 N7xb6 18.Ra5 Be6 19.Rfa1 Reb8 20.Qa2 Rb7 21.dxe5 
dxe5 22.Nfxe5 Nxe3 23.fxe3 Bd5 24.Qa3 Qg5 25.Nf3 Bxf3 26.Rxg5 Bxe2 27.Nxb6
Rxb6 28.Ra5 a6 29.Be5 1-0

[Event "Hotel Montesano Open A"]
[Site "Villa San Giovanni ITA"]
[Date "2005.08.09"]
[Round "3"]
[White "Cavallini, Gianfranco"]
[Black "Tirrito, Luca"]
[Result "0-1"]
[WhiteElo "2005"]
[BlackElo "2140"]
[PlyCount "104"]
[EventDate "2005.08.07"]

1.c4 d6 2.Nc3 e5 3.e4 Nc6 4.Nf3 Bg4 5.Be2 Nf6 6.d3 Be7 7.a3 a5 8.Be3 O-O 
9.h3 Be6 10.d4 exd4 11.Nxd4 Nxd4 12.Qxd4 Nd7 13.Qd2 Nc5 14.Rd1 Bf6 15.Bd3 
Nxd3+ 16.Qxd3 Be5 17.g4 Qf6 18.f4 Bxf4 19.Rf1 Bg3+ 20.Kd2 Qe7 21.Rf3 Be5 
22.Kc1 c6 23.Bb6 c5 24.Nb5 Ra6 25.Bc7 Bd4 26.Qc2 Rc8 27.Qa4 Qg5+ 28.Kb1 
Qe5 29.Nxd4 cxd4 30.Rfd3 Qxe4 31.Qb5 Rc6 32.Bxa5 Bxc4 33.Qf5 Qxf5 34.gxf5 
Bxd3+ 35.Rxd3 Rc1+ 36.Ka2 Rf1 37.Rxd4 Rxf5 38.Bb4 d5 39.Bc3 Rc4 40.Rd3 f6 
41.b4 b5 42.Kb3 Kf7 43.a4 bxa4+ 44.Kxa4 g5 45.Bd4 Rf4 46.Bc3 h5 47.Ka5 g4 
48.hxg4 hxg4 49.Be1 Rf1 50.Bg3 Rf3 51.Rxf3 gxf3 52.b5 Rc2 0-1

[Event "Hotel Montesano Open A"]
[Site "Villa San Giovanni ITA"]
[Date "2005.08.09"]
[Round "3"]
[White "Cordi', Domenico"]
[Black "Blandini, Carmelo"]
[Result "1-0"]
[WhiteElo "2086"]
[BlackElo "1929"]
[PlyCount "125"]
[EventDate "2005.08.07"]

1.e4 e6 2.d4 d5 3.Nd2 dxe4 4.Nxe4 Nd7 5.Nf3 Ngf6 6.Nxf6+ Nxf6 7.Bd3 b6 8.
c3 Bb7 9.O-O Be7 10.Qa4+ Qd7 11.Bb5 c6 12.Be2 O-O 13.Bf4 Qc8 14.Rad1 Rd8 
15.h3 c5 16.Rfe1 Bc6 17.Qb3 Qb7 18.Be5 Rac8 19.dxc5 bxc5 20.Qxb7 Bxb7 21.
c4 Rxd1 22.Rxd1 Rd8 23.Rxd8+ Bxd8 24.Nd2 Be7 25.Bf3 Bxf3 26.Nxf3 Nd7 27.
Bc3 f6 28.Kf1 Kf8 29.Ke2 Ke8 30.Kd3 Nb8 31.Ne1 Nc6 32.a3 Kd7 33.Nc2 Bd6 
34.b4 cxb4 35.axb4 Ne5+ 36.Bxe5 Bxe5 37.c5 a6 38.Kc4 Bc7 39.f3 Be5 40.b5 
axb5+ 41.Kxb5 Kc7 42.Nb4 g5 43.Na6+ Kc8 44.Kc6 h5 45.Nb4 f5 46.Nd3 Bg3 47.
Nb2 g4 48.hxg4 hxg4 49.fxg4 fxg4 50.Nc4 Bf4 51.Nd6+ Bxd6 52.Kxd6 g3 53.
Kxe6 Kc7 54.Kf5 Kc6 55.Kf4 Kxc5 56.Kxg3 Kd6 57.Kf4 Ke7 58.Kg5 Kf8 59.Kg6 
Kg8 60.g3 Kh8 61.g4 Kg8 62.g5 Kh8 63.Kf7 1-0

[Event "Hotel Montesano Open A"]
[Site "Villa San Giovanni ITA"]
[Date "2005.08.09"]
[Round "3"]
[White "Forlano, Luigi"]
[Black "Calzetta Ruiz, Monica"]
[Result "0-1"]
[WhiteElo "1909"]
[BlackElo "2282"]
[PlyCount "67"]
[EventDate "2005.08.07"]

1.c4 e5 2.Nc3 Nf6 3.g3 c6 4.d4 exd4 5.Qxd4 d5 6.Bg2 dxc4 7.Qxc4 Be6 8.Qa4 
Bc5 9.Nf3 O-O 10.O-O Nbd7 11.Qc2 h6 12.h3 Re8 13.a3 a5 14.Na4 Ba7 15.b3 b5
16.Nc3 b4 17.axb4 axb4 18.Na4 Bd5 19.Ne1 Ne4 20.e3 Qf6 21.Bb2 Qe6 22.Nd3 
Bxb3 23.Qe2 Bc4 24.Rfe1 Ndf6 25.Bxf6 Qxf6 26.Nab2 Bb5 27.Qc2 Ng5 28.Nxb4 
Nf3+ 29.Bxf3 Qxf3 30.N4d3 c5 31.Qd1 Qf6 32.Rb1 Rad8 33.Qc2 Qf3 34.Qe2 0-1

[Event "Hotel Montesano Open A"]
[Site "Villa San Giovanni ITA"]
[Date "2005.08.09"]
[Round "3"]
[White "Gangemi, Salvatore"]
[Black "Gasperoni, Claudio"]
[Result "1/2-1/2"]
[WhiteElo "2104"]
[BlackElo "1592"]
[PlyCount "127"]
[EventDate "2005.08.07"]

1.c4 e6 2.Nf3 d5 3.d4 c5 4.cxd5 exd5 5.dxc5 Bxc5 6.e3 Nf6 7.Be2 O-O 8.O-O 
Nc6 9.a3 Bb6 10.b4 Qe7 11.Bb2 Bf5 12.Nd4 Nxd4 13.Bxd4 Bxd4 14.Qxd4 Qe4 15.
Rd1 Rfc8 16.Bf3 Qxd4 17.Rxd4 Rc1+ 18.Rd1 Rac8 19.Nd2 Rxa1 20.Rxa1 Rc2 21.
Rd1 Kf8 22.Nb3 Be4 23.Rc1 Rxc1+ 24.Nxc1 Bxf3 25.gxf3 Ke7 26.Kf1 Kd6 27.Ke2
Nd7 28.Nd3 f6 29.f4 b6 30.Kf3 f5 31.Kg3 a5 32.Kh4 axb4 33.axb4 Ke6 34.Kg5 
Nf6 35.f3 h6+ 36.Kg6 Ne8 37.h4 Nd6 38.Kxg7 Nc4 39.Kxh6 Kf6 40.Ne5 Nxe3 41.
Nd7+ Kf7 42.Nxb6 d4 43.Na4 Nd5 44.Kg5 Nxb4 45.Kxf5 d3 46.Nb2 d2 47.h5 Nd5 
48.Ke5 Nf6 49.h6 Nh7 50.f5 Nf8 51.Nd1 Nh7 52.Ne3 Nf8 53.Kd4 Kf6 54.Ke4 Nh7
55.Kd3 d1=Q+ 56.Nxd1 Kxf5 57.Ne3+ Kf4 58.Ke2 Kg5 59.Ng4 Kf4 60.Kf2 Ng5 61.
Nf6 Nf7 62.Ng4 Ng5 63.Kg2 Nh7 64.Kf2 1/2-1/2

[Event "Hotel Montesano Open A"]
[Site "Villa San Giovanni ITA"]
[Date "2005.08.09"]
[Round "3"]
[White "Lazarev, Vladimir"]
[Black "Vocaturo, Daniele"]
[Result "1-0"]
[WhiteElo "2518"]
[BlackElo "2372"]
[PlyCount "63"]
[EventDate "2005.08.07"]

1.d4 Nf6 2.c4 g6 3.Nc3 Bg7 4.e4 d6 5.h3 O-O 6.Bg5 c5 7.d5 e6 8.Bd3 exd5 9.
cxd5 Bd7 10.a4 Re8 11.Nf3 h6 12.Be3 Na6 13.O-O Nb4 14.Bb1 Nh5 15.Ra3 b6 
16.Nd2 Qh4 17.Qf3 g5 18.g4 Nf4 19.Bxf4 gxf4 20.Nc4 Be5 21.Nb5 h5 22.Nbxd6 
hxg4 23.Qg2 Bxd6 24.Nxd6 Re5 25.Nf5 Bxf5 26.exf5 Nxd5 27.hxg4 Rae8 28.Rh3 
Qe7 29.g5 Qd7 30.Qh1 Kf8 31.Rh7 Ke7 32.Rxf7+ 1-0

[Event "Hotel Montesano Open A"]
[Site "Villa San Giovanni ITA"]
[Date "2005.08.09"]
[Round "3"]
[White "Lupo, Francesco"]
[Black "Hirneise, Tobias"]
[Result "1/2-1/2"]
[WhiteElo "1891"]
[BlackElo "2131"]
[PlyCount "150"]
[EventDate "2005.08.07"]

1.e4 c5 2.Nc3 Nc6 3.f4 g6 4.Nf3 Bg7 5.Bc4 e6 6.d3 Nge7 7.O-O d5 8.Bb5 O-O 
9.Bxc6 Nxc6 10.Ne2 dxe4 11.dxe4 b6 12.c3 Qxd1 13.Rxd1 Ba6 14.Kf2 Rad8 15.
Rxd8 Rxd8 16.Bd2 f5 17.e5 g5 18.Rd1 gxf4 19.Nxf4 Bc8 20.Re1 Nxe5 21.Bc1 
Nxf3 22.gxf3 Kf7 23.Nh5 Bh8 24.Bf4 Bb7 25.Bc7 Rd7 26.Bb8 Bc6 27.Nf4 Re7 
28.Nd3 Bd5 29.a3 Rb7 30.Bd6 Bf6 31.Ne5+ Ke8 32.Rg1 Rg7 33.Rxg7 Bxg7 34.f4 
Kd8 35.Bb8 a6 36.Bd6 Bf6 37.Kg3 Ke8 38.Bc7 b5 39.Bd6 c4 40.Bc5 Be4 41.Bb6 
Be7 42.Bd4 Bd5 43.Bb6 Bd6 44.Ba5 Bc5 45.Bb4 Be3 46.a4 Bd2 47.a5 Be1+ 48.
Kh3 Be4 49.Bd6 Bf2 50.Bb4 h5 51.Bd6 Be1 52.Ng6 Kd7 53.Ba3 Kc7 54.Bb4 Bh1 
55.Nf8 Bd5 56.Ng6 Bf2 57.Ba3 b4 58.Bxb4 Kc6 59.Ne7+ Kb5 60.Ng8 Ka4 61.Nf6 
Bf3 62.Ne8 h4 63.Nc7 Be1 64.Nxa6 Bg4+ 65.Kg2 h3+ 66.Kg1 Bd2 67.Nc5+ Kb5 
68.Nxe6 Be3+ 69.Kf1 Bf3 70.Bd6 Bg2+ 71.Ke2 Bg1 72.Nd4+ Bxd4 73.cxd4 Kxa5 
74.Kd2 Kb5 75.Kc3 Bd5 1/2-1/2

[Event "Hotel Montesano Open A"]
[Site "Villa San Giovanni ITA"]
[Date "2005.08.09"]
[Round "3"]
[White "Manca, Federico"]
[Black "Genocchio, Daniele"]
[Result "1/2-1/2"]
[WhiteElo "2390"]
[BlackElo "2306"]
[PlyCount "20"]
[EventDate "2005.08.07"]

1.e4 Nc6 2.Nf3 e5 3.Bb5 a6 4.Bxc6 dxc6 5.O-O Bg4 6.h3 h5 7.c3 Qd3 8.hxg4 
hxg4 9.Nxe5 Bd6 10.Nxd3 Bh2+ 1/2-1/2

[Event "Hotel Montesano Open A"]
[Site "Villa San Giovanni ITA"]
[Date "2005.08.09"]
[Round "3"]
[White "Mihalj, Miroslav M."]
[Black "Efimov, Igor"]
[Result "0-1"]
[WhiteElo "2298"]
[BlackElo "2401"]
[PlyCount "68"]
[EventDate "2005.08.07"]

1.e4 c5 2.Nf3 e6 3.b3 b6 4.Bb2 Bb7 5.Nc3 Nc6 6.d4 cxd4 7.Nxd4 Qb8 8.Qd2 
Nf6 9.Nxc6 Bxc6 10.O-O-O Be7 11.f3 O-O 12.Nb5 d5 13.e5 Nd7 14.Nd4 Rc8 15.
f4 Nc5 16.Qe3 Bd7 17.Kb1 b5 18.g4 a5 19.f5 a4 20.f6 Bf8 21.Bd3 axb3 22.
axb3 Qa7 23.Qg5 h6 24.Qh5 Qa2+ 25.Kc1 Nxb3+ 26.Nxb3 Qxb3 27.fxg7 Bxg7 28.
Rhf1 Ra2 29.Qxf7+ Kh8 30.Qg6 Qxb2+ 31.Kd2 Qc3+ 32.Ke3 Qxe5+ 33.Kd2 Rcxc2+ 
34.Bxc2 Qc3+ 0-1

[Event "Hotel Montesano Open A"]
[Site "Villa San Giovanni ITA"]
[Date "2005.08.09"]
[Round "3"]
[White "Okhotnik, Vladimir"]
[Black "Estremera Panos, Sergio"]
[Result "1/2-1/2"]
[WhiteElo "2404"]
[BlackElo "2367"]
[PlyCount "109"]
[EventDate "2005.08.07"]

1.c4 Nf6 2.Nc3 e5 3.Nf3 Nc6 4.e3 Bb4 5.d4 exd4 6.exd4 d5 7.Be2 O-O 8.O-O 
dxc4 9.Bxc4 Bg4 10.Be3 Qd7 11.a3 Ba5 12.h3 Bh5 13.Be2 Rad8 14.Na4 Bb6 15.
Nxb6 axb6 16.Rc1 Rfe8 17.Ne5 Nxe5 18.Bxh5 Nxh5 19.dxe5 Rxe5 20.Qxd7 Rxd7 
21.Bxb6 c6 22.Rfd1 Red5 23.Re1 f5 24.Re8+ Kf7 25.Re2 Nf4 26.Rec2 Nd3 27.
Rd1 Rb5 28.Ba7 Rbd5 29.Rdd2 g5 30.g3 g4 31.Be3 gxh3 32.Kh2 f4 33.gxf4 Ke6 
34.Rd1 Nxf4 35.Rg1 Rf5 36.Rg4 Nd5 37.Ba7 Nf4 38.Be3 Nd5 39.Ba7 Nf4 40.Rc3 
h5 41.Rg8 Rd3 42.Rc4 Nd5 43.Re4+ Kf7 44.Rd8 Rg5 45.Rd7+ Kg6 46.Rd4 Rg2+ 
47.Kh1 Rb3 48.Rd2 Nf6 49.R7d3 Rxd3 50.Rxd3 Ng4 51.Rf3 Rh2+ 52.Kg1 Rg2+ 53.
Kh1 Rh2+ 54.Kg1 Rg2+ 55.Kh1 1/2-1/2

[Event "Hotel Montesano Open A"]
[Site "Villa San Giovanni ITA"]
[Date "2005.08.09"]
[Round "3"]
[White "Pattarello, Pierluigi"]
[Black "Grimaldi, Fabio"]
[Result "1-0"]
[WhiteElo "2006"]
[BlackElo "1844"]
[PlyCount "85"]
[EventDate "2005.08.07"]

1.d4 f5 2.g3 Nf6 3.Bg2 e6 4.Nf3 d5 5.O-O c6 6.c4 Bd6 7.Nc3 O-O 8.Bg5 Nbd7 
9.Qc2 Qe8 10.e3 Ne4 11.Bf4 Be7 12.Rac1 Qh5 13.Nd2 g5 14.Be5 Bd6 15.Bxd6 
Nxd6 16.c5 Ne8 17.b4 a6 18.f3 Rf6 19.e4 Rh6 20.h3 e5 21.dxe5 Nxe5 22.exf5 
d4 23.g4 Qf7 24.Nce4 Qe7 25.Nc4 Nf6 26.Nxf6+ Qxf6 27.Rfe1 d3 28.Qb3 Nxf3+ 
29.Bxf3 Qd4+ 30.Kg2 Bxf5 31.Nd2+ Kg7 32.gxf5 Rxh3 33.Qc3 Qxc3 34.Rxc3 Rh4 
35.a3 Rd8 36.Re3 g4 37.Be4 Rh6 38.Rcxd3 Re8 39.Kg3 Rh1 40.Kxg4 Rg1+ 41.Kf4
h5 42.Rg3+ Rxg3 43.Rxg3+ 1-0

[Event "Hotel Montesano Open A"]
[Site "Villa San Giovanni ITA"]
[Date "2005.08.09"]
[Round "3"]
[White "Pegoraro, Nicola"]
[Black "Guliyev, Namig"]
[Result "0-1"]
[WhiteElo "2085"]
[BlackElo "2555"]
[PlyCount "68"]
[EventDate "2005.08.07"]

1.e4 c5 2.Nf3 d6 3.d4 cxd4 4.Nxd4 Nf6 5.Nc3 a6 6.Bg5 e6 7.f4 b5 8.e5 dxe5 
9.fxe5 Qc7 10.exf6 Qe5+ 11.Be2 Qxg5 12.O-O Ra7 13.Qd3 Rd7 14.Ne4 Qe5 15.
Nf3 Qc7 16.Qe3 Bb7 17.Nfg5 h6 18.Nxe6 fxe6 19.Bh5+ Kd8 20.Kh1 Qe5 21.Qb6+ 
Kc8 22.fxg7 Bxg7 23.Ng3 Rd2 24.Bf3 Bxf3 25.Rxf3 Qd5 26.Nf1 Bd4 27.Qa5 Rxc2
28.Rd1 Rg8 29.Ng3 h5 30.Qb4 h4 31.Rf8+ Rxf8 32.Qxf8+ Kb7 33.Qf7+ Ka8 34.
Qf3 hxg3 0-1

[Event "Hotel Montesano Open A"]
[Site "Villa San Giovanni ITA"]
[Date "2005.08.09"]
[Round "3"]
[White "Rombaldoni, Axel"]
[Black "Hirneise, Jens"]
[Result "1-0"]
[WhiteElo "2137"]
[BlackElo "2001"]
[PlyCount "79"]
[EventDate "2005.08.07"]

1.e4 c5 2.Nf3 e6 3.d4 cxd4 4.Nxd4 Bc5 5.Nb3 Bb6 6.g3 Ne7 7.Bg2 O-O 8.O-O 
Nbc6 9.Nc3 f5 10.Na4 Bc7 11.c4 f4 12.Nbc5 fxg3 13.hxg3 Ne5 14.b3 b6 15.Nd3
Bb7 16.Bb2 N7c6 17.Nxe5 Bxe5 18.Qe2 Bxb2 19.Nxb2 Nd4 20.Qd3 e5 21.Nd1 Qe7 
22.Nc3 Rf6 23.Ne2 Nxe2+ 24.Qxe2 Raf8 25.Rad1 Qe6 26.Qb2 Rh6 27.Qe2 Rf7 28.
Rd2 Rhf6 29.b4 a6 30.Rc2 d6 31.Qd1 Bc6 32.Rc3 Rh6 33.Re1 Bd7 34.Ree3 Qg6 
35.c5 Bg4 36.Qd5 bxc5 37.bxc5 Qh5 38.cxd6 Bh3 39.Rc7 Bxg2 40.Rc8# 1-0

[Event "Hotel Montesano Open A"]
[Site "Villa San Giovanni ITA"]
[Date "2005.08.09"]
[Round "3"]
[White "Rombaldoni, Denis"]
[Black "Drazic, Sinisa"]
[Result "1/2-1/2"]
[WhiteElo "2327"]
[BlackElo "2497"]
[PlyCount "123"]
[EventDate "2005.08.07"]

1.d4 Nf6 2.c4 g6 3.Nc3 Bg7 4.Nf3 O-O 5.Bg5 d6 6.e3 a6 7.Be2 c6 8.Rc1 h6 9.
Bh4 b5 10.O-O g5 11.Bg3 Nh5 12.b4 a5 13.a3 axb4 14.axb4 bxc4 15.Bxc4 Nxg3 
16.hxg3 Nd7 17.Qd3 d5 18.Bb3 e6 19.Ra1 Rb8 20.b5 c5 21.Bc2 f5 22.Rfb1 Rf7 
23.dxc5 Nxc5 24.Qd2 Qf6 25.Nd4 Bb7 26.Na4 Ne4 27.Bxe4 dxe4 28.Nc5 Bd5 29.
Ra6 Re8 30.b6 Bf8 31.Ncxe6 Bb7 32.Ra5 Rxe6 33.Rxf5 Qd8 34.Rxf7 Kxf7 35.Qa2
Qd7 36.Rb5 Bd6 37.Ra5 Bb8 38.Nxe6 Qxe6 39.Rf5+ Ke7 40.Qxe6+ Kxe6 41.g4 Bd6
42.f3 Bd5 43.Kf2 Be7 44.fxe4 Bxe4 45.Ra5 Kd6 46.Ra7 Bd8 47.Rf7 Bxb6 48.
Rf6+ Kc5 49.Re6 Bd5 50.Rxh6 Bd8 51.Ra6 Bc6 52.Ra1 Bd5 53.Rd1 Bf6 54.Rd2 
Kc4 55.Rd1 Bc3 56.Kg3 Be4 57.Kf2 Bd5 58.Kg3 Bc6 59.Kf2 Be4 60.Rd6 Be5 61.
Ra6 Kd5 62.Rb6 1/2-1/2

[Event "Hotel Montesano Open A"]
[Site "Villa San Giovanni ITA"]
[Date "2005.08.09"]
[Round "3"]
[White "Rosolia, Giuseppe"]
[Black "Borin, Fabio"]
[Result "1/2-1/2"]
[WhiteElo "1829"]
[BlackElo "2184"]
[PlyCount "75"]
[EventDate "2005.08.07"]

1.d4 d6 2.Nf3 g6 3.Bf4 Bg7 4.e3 Nf6 5.h3 c5 6.c3 Qb6 7.Qc2 Bf5 8.Qa4+ Nc6 
9.Qb5 O-O 10.Qxb6 axb6 11.Na3 Nd5 12.Nb5 cxd4 13.Nfxd4 e5 14.Nxf5 gxf5 15.
Bg5 h6 16.Bh4 Ra4 17.g3 e4 18.b3 Ra5 19.a4 Rxb5 20.Bxb5 Bxc3+ 21.Ke2 Bxa1 
22.Rxa1 Rc8 23.Ke1 Ne5 24.Rd1 Rc5 25.Be7 Kg7 26.b4 Nxb4 27.Rxd6 Nbd3+ 28.
Bxd3 Nxd3+ 29.Ke2 b5 30.axb5 Rxb5 31.Bf6+ Kh7 32.h4 h5 33.Rd7 Kg6 34.Bd4 
Nc1+ 35.Kd1 Nd3 36.Rd6+ Kh7 37.Bf6 Ne5 38.Kc2 1/2-1/2

[Event "Hotel Montesano Open A"]
[Site "Villa San Giovanni ITA"]
[Date "2005.08.09"]
[Round "3"]
[White "Sardo, Gabriele"]
[Black "Dini, Andrea"]
[Result "1-0"]
[WhiteElo "2222"]
[BlackElo "1875"]
[PlyCount "109"]
[EventDate "2005.08.07"]

1.d4 d5 2.c4 c6 3.Nf3 Nf6 4.Nc3 dxc4 5.e3 b5 6.a4 b4 7.Na2 e6 8.Bxc4 Be7 
9.O-O O-O 10.b3 Nbd7 11.Bb2 a5 12.Nc1 c5 13.Nd3 cxd4 14.Nxd4 Nb6 15.Nc6 
Qc7 16.Bb5 Ba6 17.Nxa5 Nxa4 18.Bxa4 Bxd3 19.Qxd3 Rxa5 20.Rac1 Qb8 21.Qe2 
Rd5 22.Bc6 Rdd8 23.Bf3 Rc8 24.Ra1 Rfd8 25.Ra5 Rc5 26.Rxc5 Bxc5 27.Qc4 Bd6 
28.g3 Rc8 29.Qd3 Be7 30.Ra1 Qd6 31.Qxd6 Bxd6 32.Ra8 Rxa8 33.Bxa8 Kf8 34.
Bc6 Ke7 35.Kf1 Kd8 36.Ke2 Kc7 37.Bf3 Kb6 38.g4 h6 39.h4 Be7 40.h5 Bf8 41.
Kd3 Kb5 42.Be2 Nd7 43.Kd4+ Kc6 44.f4 Bc5+ 45.Ke4 Bf8 46.Kf3 f6 47.g5 hxg5 
48.fxg5 Ne5+ 49.Bxe5 fxe5 50.g6 Kc7 51.Ke4 Kd7 52.Bb5+ Kd6 53.Ba4 Kc7 54.
Kxe5 Be7 55.h6 1-0

[Event "Hotel Montesano Open A"]
[Site "Villa San Giovanni ITA"]
[Date "2005.08.09"]
[Round "3"]
[White "Sarno, Spartaco"]
[Black "Santagati, Alessandro"]
[Result "1-0"]
[WhiteElo "2371"]
[BlackElo "2092"]
[PlyCount "117"]
[EventDate "2005.08.07"]

1.c4 e5 2.Nc3 Nf6 3.Nf3 Nc6 4.g3 d5 5.cxd5 Nxd5 6.Bg2 Nb6 7.O-O Be7 8.d3 
O-O 9.a3 Be6 10.b4 f6 11.Bb2 Qd7 12.Re1 a5 13.b5 Nd4 14.Nd2 Nd5 15.Nxd5 
Bxd5 16.Bxd5+ Qxd5 17.Bxd4 Qxd4 18.Qb3+ Kh8 19.Nf3 a4 20.Nxd4 axb3 21.Nxb3
Bxa3 22.Ra2 Bb4 23.Rea1 Rxa2 24.Rxa2 Rb8 25.Ra4 Bd6 26.Ra7 Bb4 27.Ra4 Bd6 
28.Nd2 Kg8 29.Ne4 Kf7 30.Nxd6+ cxd6 31.Rc4 Re8 32.e4 Ke6 33.Rc7 Re7 34.Rc8
d5 35.Kf1 Kd7 36.Rc5 d4 37.b6 Kd8 38.f4 Kd7 39.Ke2 Kd6 40.Rc8 Rd7 41.Kd1 
Ke6 42.Re8+ Kf7 43.Rb8 Ke7 44.Kc2 Kd6 45.Rc8 Ke7 46.Kb3 Rd6 47.Rc7+ Rd7 
48.fxe5 Rxc7 49.bxc7 Kd7 50.Kc4 Kxc7 51.Kxd4 Kd7 52.exf6 gxf6 53.Kc5 Kc7 
54.d4 h5 55.h3 Kd7 56.g4 h4 57.Kb6 Kc8 58.d5 Kb8 59.e5 1-0

[Event "Hotel Montesano Open A"]
[Site "Villa San Giovanni ITA"]
[Date "2005.08.09"]
[Round "3"]
[White "Sgro', Ezio"]
[Black "Xia, Jie"]
[Result "1/2-1/2"]
[WhiteElo "1826"]
[BlackElo "2121"]
[PlyCount "119"]
[EventDate "2005.08.07"]

1.e4 c5 2.Nf3 d6 3.d4 cxd4 4.Nxd4 Nf6 5.Nc3 g6 6.Be2 Bg7 7.O-O O-O 8.Be3 
Nc6 9.h3 Bd7 10.Qd2 Qc8 11.f4 a6 12.Rad1 b5 13.Bf3 Rb8 14.e5 dxe5 15.Nxc6 
Bxc6 16.fxe5 Ne8 17.Bxc6 Qxc6 18.Nd5 Rb7 19.Bg5 f6 20.Bh6 f5 21.Bxg7 Nxg7 
22.Qb4 Re8 23.Qb3 Qc4 24.Qf3 Rbb8 25.Qd3 Ne6 26.Qxc4 bxc4 27.b3 Kf7 28.g4 
f4 29.Nxf4 Nxf4 30.Rxf4+ Ke6 31.Rxc4 Kxe5 32.Re1+ Kd6 33.Rd1+ Ke5 34.Re1+ 
Kf6 35.Rc6+ Kg5 36.Kg2 Kh4 37.c4 Rbd8 38.Rce6 Rd2+ 39.R1e2 Rd3 40.R6e3 
Red8 41.Rxe7 Rg3+ 42.Kh2 Rxh3+ 43.Kg2 Rg3+ 44.Kh2 Rxg4 45.Rxh7+ Kg5 46.Rh3
Rf4 47.Rg3+ Kf5 48.Kg2 g5 49.Rf3 Kg4 50.Rg3+ Kf5 51.Rf3 Rd4 52.Rxf4+ gxf4 
53.c5 Kg4 54.Rc2 Rd8 55.c6 Rh8 56.c7 f3+ 57.Kg1 Kg3 58.Rc3 Re8 59.Kf1 Rh8 
60.Kg1 1/2-1/2

[Event "Hotel Montesano Open A"]
[Site "Villa San Giovanni ITA"]
[Date "2005.08.09"]
[Round "3"]
[White "Todarello, Giovanni"]
[Black "Tricomi, Massimo"]
[Result "1-0"]
[WhiteElo "1807"]
[BlackElo "1943"]
[PlyCount "101"]
[EventDate "2005.08.07"]

1.e4 Nf6 2.e5 Nd5 3.d4 d6 4.Bc4 Nb6 5.Bd3 dxe5 6.dxe5 Nc6 7.Nf3 Bg4 8.Bf4 
Nb4 9.O-O Nxd3 10.cxd3 e6 11.Nc3 Be7 12.Rc1 O-O 13.Bg3 c6 14.Ne4 Qd5 15.
Qd2 Rfd8 16.Rfd1 Qxa2 17.Nd6 Bxd6 18.exd6 Qd5 19.Qe3 Nd7 20.Rc4 e5 21.Rxg4
Qxd6 22.Nxe5 Re8 23.Qg5 g6 24.Nxd7 Qxd7 25.d4 f6 26.Qf4 g5 27.Qf3 h5 28.
Re4 h4 29.Bxh4 Rxe4 30.Qxe4 f5 31.Qe5 gxh4 32.Re1 Kf7 33.Qf4 Re8 34.Rxe8 
Qxe8 35.Qxf5+ Kg7 36.Qg5+ Qg6 37.Qe5+ Kh6 38.Qe3+ Kg7 39.Qe7+ Qf7 40.Qxh4 
Qb3 41.Qg3+ Qxg3 42.fxg3 b5 43.Kf2 a5 44.Ke3 Kf6 45.h4 Kf5 46.h5 Kg5 47.g4
a4 48.Kd3 b4 49.Kc4 a3 50.bxa3 bxa3 51.Kb3 1-0